| 000 | 00814cam a2200277 i 4500 | ||
|---|---|---|---|
| 005 | 20260322212011.0 | ||
| 008 | data | ||
| 010 | _a76-53556 | ||
| 020 | _a068803148X | ||
| 020 | _a9780688031480 | ||
| 040 |
_aDNLM _cDNLM |
||
| 041 | 0 | 9 | _aeng |
| 044 | _9United States | ||
| 060 | 0 | 0 |
_aW 84 AA1 _bC75h 1977 |
| 090 | _aHQ 1426 C813h 1977 | ||
| 100 | 1 | _aCorea, Gena. | |
| 245 | 1 | 4 |
_aThe hidden malpractice : _bhow American medicine treats women as patients and professionals / _cGena Corea. |
| 260 |
_aNew York : _bMorrow, _c1977. |
||
| 300 | _a309 p. | ||
| 650 | 2 |
_aHealth Services _xhistory _zUnited States |
|
| 650 | 2 |
_aMalpractice _xhistory _zUnited States |
|
| 650 | 2 |
_aPhysicians, Women _xhistory _zUnited States |
|
| 650 | 2 |
_aPrejudice _zUnited States |
|
| 650 | 2 |
_aWomen _xhistory _zUnited States |
|
| 001 | data | ||
| 999 |
_c223 _d223 |
||